| 000 | 00783nam a2200301Ia 4500 | ||
|---|---|---|---|
| 001 | 13309 | ||
| 005 | 20240113235440.0 | ||
| 007 | ta | ||
| 008 | 051108s1997 a g b000 u 465 u | ||
| 040 | _aCotton College,Assam | ||
| 041 | _a465 | ||
| 082 |
_a510 _bGa 15 Hi |
||
| 100 | _aGanguly, Shambhunath . | ||
| 245 | 0 |
_aHigher Secondary Mathematics: Part I / _cShambhunath Ganguly. _hTextual Documents |
|
| 250 | _a1st ed. / | ||
| 260 |
_aKolkata : _bBook Syndicate Prvt.Ltd. , _c1997. |
||
| 300 |
_a772p. : _bill ; _c22cm . |
||
| 653 | _aMathematics | ||
| 653 | _aG-Mathematics | ||
| 942 |
_2ddc _cBK |
||
| 999 |
_c13295 _d13295 |
||